000 00513cam a2200157 4500500
005 20260405000331.0
041 _afre
042 _adc
100 1 0 _aCourtine-Denamy, Sylvie
_eauthor
245 0 0 _aSingulière philosophie : Essai sur Kierkegaard
260 _c2006.
500 _a78
690 _aKierkegaard
786 0 _nPhilosophie magazine | 5 | 12 | 2006-12-01 | p. 45-45 | 1951-1787
856 4 1 _uhttps://shs.cairn.info/magazine-philosophie-magazine-2006-12-page-45?lang=fr&redirect-ssocas=7080
999 _c2036050
_d2036050